00753nam a2200217Ii 45000010005000000030009000050080041000140400033000550410008000880820018000961000032001142450040001462640051001863000012002373360026002493370028002753380027003039400050003309990017003809520138003978131CO-ViMGA241108s9999||||xx |||||||||||||| ||und|| aCO-ViMGAbspaerdacCO-ViMGA0 aspa04a346.066 G633d1 aArturo López Duque94502810aDoce lecciones de derecho comercial 1aBogotá, Colombia : Litografia cafetera, 1990 avolumen atextbtxt2rdacontent aunmediatedbn2rdamedia avolumebnc2rdacarrier aidficha_siabuc: 7950. -- ficha_no_siabuc:8131 c39510d39510 001040708001aMEVIGERRbMEVIGERRcGENd2006-11-27o346.066 G633dpECA8275r2024-11-25 15:06:40tEj.1w2024-11-25yBKz7950 | 11118